|
|
|
|
| LEADER |
00000nlm0a2200000 4500 |
| 001 |
643643 |
| 005 |
20231101134257.0 |
| 029 |
1 |
0 |
|a RU
|b 1785572
|c Пат.
|d МПК G 01 N 33/24
|
| 035 |
|
|
|a (RuTPU)RU\TPU\network\8638
|
| 035 |
|
|
|a RU\TPU\network\8631
|
| 039 |
0 |
|
|a RU
|b 4881364
|c 19901111
|
| 090 |
|
|
|a 643643
|
| 100 |
|
|
|a 20150918j19921230k y0rusy50 ca
|
| 101 |
0 |
|
|a rus
|
| 102 |
|
|
|a RU
|
| 105 |
|
|
|a a k 000zy
|
| 135 |
|
|
|a drcn ---uucaa
|
| 181 |
|
0 |
|a i
|
| 182 |
|
0 |
|a b
|
| 200 |
1 |
|
|a Способ определения содержания в почве фосфора и гумуса
|f Л. П. Рихванов [и др.]
|g Томский политехнический институт (ТПИ)
|
| 203 |
|
|
|a Текст
|c электронный
|
| 300 |
|
|
|a опубл. 30.12.92
|
| 610 |
1 |
|
|a патенты
|
| 610 |
1 |
|
|a труды учёных ТПУ
|
| 610 |
1 |
|
|a электронный ресурс
|
| 701 |
|
1 |
|a Рихванов
|b Л. П.
|c геолог
|c профессор Томского политехнического университета, доктор геолого-минералогических наук
|c заслуженный геолог РФ
|c почетный работник высшего образования РФ
|f 1945-
|g Леонид Петрович
|2 stltpush
|3 (RuTPU)RU\TPU\pers\23187
|
| 701 |
|
1 |
|a Сарнаев
|b С. И.
|g Сергей Иванович
|
| 701 |
|
1 |
|a Балабаева
|b Л. М.
|g Людмила Михайловна
|
| 701 |
|
1 |
|a Ермохин
|b А. И.
|g Александр Иванович
|
| 712 |
0 |
2 |
|a Томский политехнический институт (ТПИ)
|c (1944-1991)
|2 stltpush
|3 (RuTPU)RU\TPU\col\1123
|
| 801 |
|
1 |
|a RU
|b 63413507
|c 20120201
|
| 801 |
|
2 |
|a RU
|b 63413507
|c 20160606
|g RCR
|
| 856 |
4 |
|
|u http://www1.fips.ru/fips_servl/fips_servlet?DB=RUPAT&rn=3172&DocNumber=1785572&TypeFile=html
|
| 942 |
|
|
|c CF
|